Assessment of drought in the central zone of Kerala using different indices (Record no. 291377)

MARC details
000 -LEADER
fixed length control field 00702nam a22002177a 4500
003 - CONTROL NUMBER IDENTIFIER
control field OSt
082 ## - DEWEY DECIMAL CLASSIFICATION NUMBER
Classification number 551.6
Item number SAN/AS PG
100 ## - MAIN ENTRY--PERSONAL NAME
Personal name Sanjay Kumar, M S
245 ## - TITLE STATEMENT
Title Assessment of drought in the central zone of Kerala using different indices
260 ## - PUBLICATION, DISTRIBUTION, ETC. (IMPRINT)
Place of publication, distribution, etc Vellanikkara
Name of publisher, distributor, etc College of Climate Change and Environmental Science
Date of publication, distribution, etc 2024
300 ## - PHYSICAL DESCRIPTION
Extent 293p.
502 ## - DISSERTATION NOTE
Dissertation note BSc-MSc
650 ## - SUBJECT ADDED ENTRY--TOPICAL TERM
Topical term or geographic name as entry element Climate Change and Environmental Science
650 ## - SUBJECT ADDED ENTRY--TOPICAL TERM
Topical term or geographic name as entry element Meteorological drought
650 ## - SUBJECT ADDED ENTRY--TOPICAL TERM
Topical term or geographic name as entry element Agricultural drought
650 ## - SUBJECT ADDED ENTRY--TOPICAL TERM
Topical term or geographic name as entry element Droughts in India
650 ## - SUBJECT ADDED ENTRY--TOPICAL TERM
Topical term or geographic name as entry element Droughts in Kerala
700 ## - ADDED ENTRY--PERSONAL NAME
Personal name Ajith Kumar, B (Guide)
856 ## - ELECTRONIC LOCATION AND ACCESS
Uniform Resource Identifier https://krishikosh.egranth.ac.in/handle/1/5810216657
942 ## - ADDED ENTRY ELEMENTS (KOHA)
Source of classification or shelving scheme Dewey Decimal Classification
Item type Theses
Holdings
Not for loan Collection code Home library Current library Shelving location Date acquired Full call number Barcode Date last seen Koha item type
Not For Loan Thesis KAU Central Library, Thrissur KAU Central Library, Thrissur Theses 02/07/2024 551.6 SAN/AS PG 176018 02/07/2024 Theses
Kerala Agricultural University Central Library
Thrissur-(Dt.), Kerala Pin:- 680656, India
Ph : (+91)(487) 2372219
E-mail: librarian@kau.in
Website: http://library.kau.in/